000 00815nam a2200217 i 4500
001 74056
003 ES-MaACL
005 20250829063115.0
007 t|
008 040915s1919 sp |||| | spa d
100 1 _aGonzález Carreño, Genaro
_958492
245 1 4 _aLos puntales de los viejos partidos
_b: conferencia leída en el Ateneo de Madrid, el 18 de febrero de 1919 / por Genaro González Carreño.
260 _aMadrid :
_b[s.n.],
_c1919 (
_fJuan Pérez Torres)
300 _a55 p. ;
_c21 cm.
594 _aPrecede al tít.: Contribución a una ética hispana en el siglo XX.
610 2 4 _aAteneo de Madrid-
_vConferencias-
_y1900-1939
_91907
650 4 _aÉtica política-
_zEspaña.
_9151908
710 2 _aAteneo de Madrid.
_91875
852 _aES-MaACL
_j1577-F-6
999 _c74056
_d74056